NHL Teams on a Map - Statistics

General Stats
  • This quiz has been taken 226 times
  • The average score is 28 of 32
Answers on the Map
Answers color-coded by a green-red scale on the quiz's map according to % correct below.
 
Answer Stats
Answer % Correct
Edmonton Oilers
94%
Montreal Canadiens
94%
Toronto Maple Leafs
92%
Vancouver Canucks
91%
Boston Bruins
90%
Vegas Golden Knights
90%
New York Islanders
89%
Dallas Stars
88%
New York Rangers
88%
Ottawa Senators
88%
Seattle Kraken
88%
Colorado Avalanche
87%
Florida Panthers
87%
Los Angeles Kings
87%
Minnesota Wild
87%
Pittsburgh Penguins
87%
Calgary Flames
86%
Chicago Blackhawks
86%
New Jersey Devils
86%
Carolina Hurricanes
85%
Nashville Predators
85%
Philadelphia Flyers
85%
Detroit Red Wings
84%
Tampa Bay Lightning
84%
Utah Mammoth
84%
Winnipeg Jets
84%
Buffalo Sabres
83%
Washington Capitals
83%
Columbus Blue Jackets
82%
San Jose Sharks
82%
St. Louis Blues
81%
Anaheim Ducks
79%
No matching quizzes found
Score Distribution
Percent of People with Each Score
Percentile by Number Answered
Your Score History
You have not taken this quiz